| 000 | 00000cam 2200000zi 4500 |
| 001 | 9.962724 |
| 003 | CaOODSP |
| 005 | 20260512103219 |
| 006 | m o d f |
| 007 | cr mn||||||||| |
| 008 | 260512t19991999nkcab ob f000 0 eng d |
| 040 | |aCaOODSP|beng|erda|cCaOODSP |
| 043 | |an-cnm--|aln----- |
| 045 | |ax9x9 |
| 086 | 1 |aFs97-4/2483E-PDF|zFs97-4/2483E |
| 100 | 1 |aHurlbut, Thomas, |eauthor. |
| 245 | 10|aResults of the 1997 end of season survey of groundfish fishers from the southern Gulf of St. Lawrence / |cby Thomas Hurlbut and Richard Stevens. |
| 264 | 1|aMoncton, N.B. : |bDepartment of Fisheries and Oceans, Science Branch, Maritimes Region, Gulf Fisheries Center, |c1999. |
| 264 | 4|c©1999 |
| 300 | |a1 online resource (vi, 50 pages) : |billustrations, maps. |
| 336 | |atext|btxt|2rdacontent |
| 337 | |acomputer|bc|2rdamedia |
| 338 | |aonline resource|bcr|2rdacarrier |
| 490 | 1 |aCanadian manuscript report of fisheries and aquatic sciences, |y0706-6473 ; |vno. 2483E |
| 500 | |aDigitized edition from print [produced by Department of Fisheries and Oceans]. |
| 504 | |aIncludes bibliographical references. |
| 520 | 3 |a"A telephone survey was conducted of participants that were active in the southern Gulf of St. Lawrence groundfish fishery in 1997. Of the 328 vessel owners from the southern Gulf that were identified from purchase slips as having sold groundfish in 1997, 172 were successfully interviewed. The survey employed a questionnaire to obtain the views and opinions of fishers concerning stock abundance, environmental conditions, the impact of seals, dogfish, markets, fishery management actions, etc., for inclusion in stock assessments. This document reports the results of the survey"--Abstract, page vi. |
| 650 | 0|aGroundfish fisheries|zSaint Lawrence, Gulf of|xPublic opinion. |
| 650 | 0|aPublic opinion|zMaritime Provinces. |
| 650 | 0|aFishers|zMaritime Provinces|xAttitudes. |
| 650 | 6|aPoissons de fond|xPêche commerciale|zSaint-Laurent, Golfe du|xOpinion publique. |
| 650 | 6|aOpinion publique|zProvinces maritimes. |
| 650 | 6|aPêcheurs|zProvinces maritimes|xAttitudes. |
| 710 | 1 |aCanada. |bDepartment of Fisheries and Oceans, |eissuing body. |
| 710 | 2 |aGulf Fisheries Centre (Canada), |eissuing body. |
| 830 | #0|aCanadian manuscript report of fisheries and aquatic sciences ;|vno. 2483E.|w(CaOODSP)9.505211 |
| 856 | 40|qPDF|s1.26 MB|uhttps://publications.gc.ca/collections/collection_2026/mpo-dfo/fs97-4/Fs97-4-2483-eng.pdf |